000 01019nac a22003017a 4500
001 BR7200633
003 BR-BrBNA
005 20240105113443.0
008 230509b bl.|||m| |||| 00| 0 por d
040 _aBR-BrBNA
_bpor
_cBiblioteca Nacional de Agricultura
072 _aA50; C00
090 _aA50 BR7200633
110 1 _aFundacao de Amparo a Pesquisa do Estado do Rio Grande do Sul, Porto Alegre (Brasil)
_94833
245 1 _aRelatorio de 1971 [Fundacao de Amparo a Pesquisa do Estado do Rio Grande do Sul, Brasil]
260 3 _aPorto Alegre, RS (Brasil):
_c1972.
300 _a61 p.
490 _aRelatorio - Fundacao de Amparo a Pesquisa do Estado do Rio Grande do Sul (Brazil)
_v
_x
650 _aPESQUISA AGRICOLA
650 _aPESQUISA PECUARIA
650 _aPROJETO DE PESQUISA
650 _aCURSO
650 _aINSTITUICAO DE PESQUISA
650 _aORCAMENTO
650 _aDESPESA
650 _aRIO GRANDE DO SUL
909 _a202312
_bLúcia Elande
_c55
_dLúcia Elande
942 _2AGRIS
_n0
_cMS
999 _c263813
_d263813